Подробности
| 000 -МАРКЕР |
| контрольное поле |
02239nam2a2200301 4500 |
| 001 - ИДЕНТИФИКАТОР ЗАПИСИ |
| контрольное поле |
RU\NLR\BIBL_A\022248305 |
| 005 - ИДЕНТИФИКАТОР ВЕРСИИ |
| контрольное поле |
20240627142915.0 |
| 010 ## - МЕЖДУНАРОДНЫЙ СТАНДАРТНЫЙ НОМЕР КНИГИ (ISBN) |
| Номер (ISBN) |
978-5-94621-672-2 |
| 010 ## - МЕЖДУНАРОДНЫЙ СТАНДАРТНЫЙ НОМЕР КНИГИ (ISBN) |
| Номер (ISBN) |
978-5-907572-44-7 |
| Уточнения |
отд. кн. |
| Тираж |
500 |
| 021 ## - НОМЕР ГОСУДАРСТВЕННОЙ РЕГИСТРАЦИИ |
| Код страны |
российская федерация |
| Номер |
КН-П-24-025020 |
| Номер Листа государственной регистраци |
КН-П-24-2582 |
| 035 ## - ДРУГИЕ СИСТЕМНЫЕ НОМЕРА |
| Идентификатор записи |
(NLR Aleph) 022248305 |
| 100 ## - ДАННЫЕ ОБЩЕЙ ОБРАБОТКИ |
| Данные общей обработки |
20240607d2023 k y0rusy50 ca |
| 101 0# - ЯЗЫК РЕСУРСА |
| Язык текста, звукозаписи и т.д. |
русский |
| 102 ## - СТРАНА ПУБЛИКАЦИИ ИЛИ ПРОИЗВОДСТВА |
| Страна публикации |
российская федерация |
| 105 ## - ПОЛЕ КОДИРОВАННЫХ ДАННЫХ: ТЕКСТОВЫЕ МАТЕРИАЛЫ, МОНОГРАФИЧЕСКИЕ |
| Кодированные данные о монографическом текстовом документе |
y z 110yy |
| 200 0# - ЗАГЛАВИЕ И СВЕДЕНИЯ ОБ ОТВЕТСТВЕННОСТИ |
| Основное заглавие |
Ч. 93 |
| Сведения, относящиеся к заглавию |
статьи участников международной научно-практической конференции (г. Томск, 26-28 января 2023 г.) |
| Первые сведения об ответственности |
Федеральное государственное автономное образовательное учреждение высшего образования "Национальный исследовательский Томский государственный университет" |
| Последующие сведения об ответственности |
редакторы: канд. юрид. наук, доцент С. В. Ведяшкин [и др.] |
| 210 ## - ПУБЛИКАЦИЯ, РАСПРОСТРАНЕНИЕ И ДР. |
| Дата издания, распространения и т.д. |
2023 |
| 215 ## - ФИЗИЧЕСКАЯ ХАРАКТЕРИСТИКА |
| Специфическое обозначение материала и объем |
170 с. |
| Другие сведения о физической характеристике |
табл. |
| 300 ## - ОБЩИЕ ПРИМЕЧАНИЯ |
| Текст примечания |
На тит. с.: к 145-летию со дня образования Томского государственного университета, к 125-летию Юридического института Томского государственного университета |
| 320 ## - ПРИМЕЧАНИЯ О НАЛИЧИИ В ДОКУМЕНТЕ БИБЛИОГРАФИИ / УКАЗАТЕЛЯ |
| Текст примечания |
Библиогр. в подстроч. примеч. |
| 461 #0 - УРОВЕНЬ НАБОРА |
| Встроенное поле |
001RU\NLR\bibl\151340 |
| -- |
2001#$aПравовые проблемы укрепления Российской государственности$e[сборник статей]$fТом. гос. ун-т$gпод ред. д. ю. н. В. Ф. Воловича$vЧ. 93 |
| Системный номер (АБИС) связанной записи |
850834 |
| Место публикации |
Томск |
| Дата публикации |
2000- |
| Первые сведения об ответственности |
Том. гос. ун-т |
| Имя издателя, распространителя и т.д. |
Изд-во Том. гос. ун-та |
| Сведения, относящиеся к заглавию |
[сборник статей] |
| Заглавие |
Правовые проблемы укрепления Российской государственности |
| Номер тома |
Ч. 93 |
| 702 #1 - ИМЯ ЛИЦА - ВТОРИЧНАЯ ОТВЕТСТВЕННОСТЬ |
| Начальный элемент ввода |
Ведяшкин |
| Часть имени, кроме начального элемента ввода |
С. В. |
| Расширение инициалов личного имени |
Сергей Викторович |
| Код отношения |
Редактор |
| 942 ## - ДОПОЛНИТЕЛЬНЫЕ ЭЛЕМЕНТЫ ЗАПИСИ (АБИС) |
| Тип экземпляра АБИС |
Книга |
| 980 ## - КОЛЛЕКЦИЯ |
| Название коллекции |
Национальная библиография |